000 00649nam a2200229 i 4500
001 bg
100 1 _aFRĄCKIEWICZ, Lucyna
_d(1926- ).
245 1 0 _aPolityka społeczna :
_bzarys wykładu /
_cLucyna Frąckiewicz.
260 _aKatowice :
_b"Śląsk",
_c1998.
300 _a268, [1] s. :
_bmapy, wykr. ;
_c21 cm.
504 _aBibliogr. s. 267-[269].
650 4 _aPolityka społeczna
_zPolska
_yod 1989 r.
650 4 _aPodręczniki akademickie
020 _a8371641303
040 _cBPK
041 0 _apl
080 _a304(438)
080 _a(075.8)
920 _a83-7164-130-3
942 _cKS
008 s pl f |000 0 pol
999 _c34713
_d34713
856 _uhttp://koha.tu.koszalin.pl/cgi-bin/koha/opac-detail.pl?biblionumber=34713
_yKatalog online BPK